| 000 | 00541nam a22001697a 4500 | ||
|---|---|---|---|
| 003 | NALT | ||
| 005 | 20230707143651.0 | ||
| 008 | s2546 th ||||| |||| 00| 0 tha d | ||
| 020 | _a9748843041 | ||
| 040 | _aNALT | ||
| 100 | 0 | _aนำชัย สีดา | |
| 245 | 1 | 0 | _aพูดอังกฤษอย่างดีเลิศ เล่ม 2 |
| 260 | 3 |
_bโรงพิมพ์สุวรรณภูมิ, _c2546 |
|
| 850 | _aNALT | ||
| 942 |
_cGB _2lcc |
||
| 999 |
_c42669 _d42669 |
||
| 998 |
_j111 _k นางสาวพจพิณ พรมเอี่ยม |
||